| 000 | 01197 a2200337 4500 | ||
|---|---|---|---|
| 001 | 200422430 | ||
| 999 |
_c200422430 _d39463 |
||
| 003 | TR-AnTOB | ||
| 005 | 20241014155122.0 | ||
| 008 | 150710b tu 000 0 | ||
| 020 | _a9780821389652 | ||
| 040 |
_aTR-AnTOB _btur _erda |
||
| 041 | 0 | _aeng | |
| 050 | 0 | 0 |
_aHC240 _b.G523277 2012 |
| 090 | _aHC240 .G523277 2012 | ||
| 100 | 1 |
_aGill, Indermit Singh, _d1961- _9107209 |
|
| 245 | 1 | 0 |
_aGolden growth _brestoring the lustre of the European economic model / _cIndermit S. Gill, Martin Raiser ; together with Andrea Mario Dall'olio. _h[electronic resource] : |
| 264 |
_aWashington, D.C. : _bWorld Bank, _c2012 |
||
| 300 |
_avi, 494 p. : _bill., map ; _c26 cm. |
||
| 336 |
_atext _2rdacontent |
||
| 337 |
_aunmediated _2rdamedia |
||
| 338 |
_avolume _2rdacarrier |
||
| 650 | 0 | 0 |
_aEconomic indicators _zEurope _9107672 |
| 650 | 0 | 0 |
_aEconomic indicators _zEurope _9107672 |
| 651 | 0 |
_aEurope _xEconomic conditions _y1945- _xEconometric models _9107673 |
|
| 651 | 0 |
_aEurope _xEconomic conditions _y1945- _xEconometric models _9107673 |
|
| 700 | 1 |
_aRaiser, Martin _9107670 |
|
| 700 | 1 |
_aDall'olio, Andrea Mario _9107671 |
|
| 710 | 1 |
_aWorld Bank _919811 |
|
| 942 | _cVCD | ||